Vallási prognózis a 2022-es népszámlálás eredményeinek előrejelzése és értelmezése /

Elmentve itt :
Bibliográfiai részletek
Szerzők: Csikós Nándor
Máté-Tóth András
Dokumentumtípus: Cikk
Megjelent: 2024
Sorozat:MAGYAR TUDOMÁNY 185 No. 3
Tárgyszavak:
doi:10.1556/2065.185.2024.3.10

mtmt:34716562
Online Access:http://publicatio.bibl.u-szeged.hu/29816
LEADER 00795nab a2200217 i 4500
001 publ29816
005 20240308082203.0
008 240308s2024 hu o 0|| hun d
022 |a 0025-0325 
024 7 |a 10.1556/2065.185.2024.3.10  |2 doi 
024 7 |a 34716562  |2 mtmt 
040 |a SZTE Publicatio Repozitórium  |b hun 
041 |a hun 
100 1 |a Csikós Nándor 
245 1 0 |a Vallási prognózis  |h [elektronikus dokumentum] :  |b a 2022-es népszámlálás eredményeinek előrejelzése és értelmezése /  |c  Csikós Nándor 
260 |c 2024 
300 |a 405-412 
490 0 |a MAGYAR TUDOMÁNY  |v 185 No. 3 
650 4 |a Filozófia, etika és vallástudományok 
700 0 2 |a Máté-Tóth András  |e aut 
856 4 0 |u http://publicatio.bibl.u-szeged.hu/29816/1/matud_mta_101061-75569.pdf  |z Dokumentum-elérés